[Event "Paignton Bruce Premier"]
[Site "Paignton"]
[Date "2010.09.11"]
[Round "7"]
[White "French, Angus"]
[Black "Hurwitz, Ed"]
[Result "0-1"]
[WhiteElo "2129"]
[BlackElo "2011"]
[PlyCount "68"]
[EventDate "2010.09.05"]
[EventType "swiss"]
[EventRounds "7"]
[EventCountry "ENG"]
[SourceTitle "EXT 2023"]
[Source "ChessBase"]
[SourceDate "2022.10.05"]
[SourceVersion "1"]
[SourceVersionDate "2022.10.05"]
[SourceQuality "1"]

1. e4 d6 2. d4 Nf6 3. Nc3 e5 4. Nf3 Nbd7 5. Bc4 Be7 6. dxe5 dxe5 7. Bg5 c6 8. a3 Qc7 9. Qe2 0-0 10. h3 Nc5 11. b4 Ne6 12. Be3 b5 13. Bb3 a5 14. bxa5 Rxa5 15. a4 Ba6 16. Nb1 Nc5 17. Bxc5 Bxc5 18. Nbd2 bxa4 19. Bc4 Bb5 20. 0-0 Ne8 21. Rfb1 Nd6 22. Nxe5 Bd4 23. Bxb5 cxb5 24. Ndf3 Bxa1 25. Rxa1 Nc4 26. Nd3 Raa8 27. Nd4 Qa5 28. Nf5 Qc3 29. Rb1 a3 30. Rxb5 a2 31. Ne7+ Kh8 32. Rh5 a1Q+ 33. Kh2 g6 34. Rc5 Qd4 0-1

[Event "Paignton Bruce Premier"]
[Site "Paignton"]
[Date "2010.09.06"]
[Round "2"]
[White "Hurwitz, Ed"]
[Black "Blore, John D"]
[Result "1/2-1/2"]
[WhiteElo "2011"]
[BlackElo "2137"]
[PlyCount "68"]
[EventDate "2010.09.05"]
[EventType "swiss"]
[EventRounds "7"]
[EventCountry "ENG"]
[SourceTitle "EXT 2023"]
[Source "ChessBase"]
[SourceDate "2022.10.05"]
[SourceVersion "1"]
[SourceVersionDate "2022.10.05"]
[SourceQuality "1"]

1. Nc3 c5 2. Nf3 Nc6 3. d4 cxd4 4. Nxd4 g6 5. Bg5 Bg7 6. Ndb5 Nf6 7. Bxf6 Bxf6 8. Nd5 Be5 9. f4 Bb8 10. e3 a6 11. Nd4 Qa5+ 12. Nc3 0-0 13. Qd2 Nxd4 14. exd4 b5 15. Bd3 Bb7 16. Be4 Bxe4 17. Nxe4 Qxd2+ 18. Kxd2 Bxf4+ 19. Kd3 d6 20. Rae1 f5 21. Nc3 e5 22. Nd5 e4+ 23. Ke2 Bg5 24. Kd1 Rac8 25. h4 Bf6 26. c3 Kf7 27. g4 fxg4 28. Rxe4 h5 29. Rf1 Kg7 30. Nxf6 Rxf6 31. Re7+ Kf8 32. Rxf6+ Kxe7 33. Rxg6 Rf8 34. Ke2 Rf5 1/2-1/2

[Event "Paington op"]
[Site "Paington"]
[Date "2008.09.05"]
[Round "6"]
[White "Hurwitz, Ed"]
[Black "White, Ernest Michael"]
[Result "1/2-1/2"]
[WhiteElo "2073"]
[BlackElo "1979"]
[PlyCount "65"]
[EventDate "2008.08.31"]
[EventType "swiss"]
[EventRounds "7"]
[EventCountry "ENG"]
[SourceTitle "EXT 2010"]
[Source "ChessBase"]
[SourceDate "2010.11.25"]
[SourceVersion "1"]
[SourceVersionDate "2010.11.25"]
[SourceQuality "1"]

1. Nc3 d5 2. e4 d4 3. Nce2 e5 4. Nf3 f6 5. Ng3 Be6 6. b3 g6 7. Bc4 Qd7 8. 0-0 Bg7 9. Bxe6 Qxe6 10. c3 d3 11. Ne1 Qd7 12. Qf3 Nc6 13. Qxd3 0-0-0 14. Qxd7+ Rxd7 15. d3 h5 16. Ne2 f5 17. f3 Nge7 18. Be3 f4 19. Bf2 g5 20. Rd1 Rhd8 21. Nc1 Ng6 22. b4 a6 23. Nb3 b6 24. a4 Nf8 25. b5 axb5 26. axb5 Na7 27. c4 Ne6 28. Ra1 Kb7 29. h3 Bf8 30. Ra6 Bb4 31. Nc2 Bc3 32. Nc1 Bd2 33. Nb3 1/2-1/2

[Event "Budapest FS07 FM-A"]
[Site "Budapest"]
[Date "2008.07.13"]
[Round "9"]
[White "Hurwitz, Ed"]
[Black "Schreuder Peters, Misja"]
[Result "1/2-1/2"]
[WhiteElo "2073"]
[BlackElo "1980"]
[PlyCount "41"]
[EventDate "2008.07.05"]
[EventType "tourn"]
[EventRounds "13"]
[EventCountry "HUN"]
[SourceTitle "CBM 125 Extra"]
[Source "ChessBase"]
[SourceDate "2008.09.01"]
[SourceVersion "1"]
[SourceVersionDate "2008.09.01"]
[SourceQuality "1"]

1. Nc3 c5 2. Nf3 Nf6 3. e4 d6 4. e5 dxe5 5. Nxe5 a6 6. g3 Qd4 7. Nf3 Qd6 8. Bg2 Nc6 9. d3 e5 10. h3 Be7 11. 0-0 0-0 12. Nd2 Bf5 13. Nc4 Qc7 14. Bg5 h6 15. Bxf6 Bxf6 16. Nd5 Qd8 17. g4 Be6 18. Nxf6+ Qxf6 19. Nb6 Rad8 20. b3 Ne7 21. Qf3 1/2-1/2

[Event "Budapest FS07 FM-A"]
[Site "Budapest"]
[Date "2008.07.05"]
[Round "1"]
[White "Hurwitz, Ed"]
[Black "Szabo, Gabor2222"]
[Result "1/2-1/2"]
[WhiteElo "2073"]
[BlackElo "1922"]
[PlyCount "51"]
[EventDate "2008.07.05"]
[EventType "tourn"]
[EventRounds "13"]
[EventCountry "HUN"]
[SourceTitle "CBM 125 Extra"]
[Source "ChessBase"]
[SourceDate "2008.09.01"]
[SourceVersion "1"]
[SourceVersionDate "2008.09.01"]
[SourceQuality "1"]

1. Nc3 Nf6 2. e4 d5 3. e5 d4 4. Nce2 Nfd7 5. f4 c5 6. Ng3 Nb6 7. c4 Nc6 8. d3 Qc7 9. Nf3 Bg4 10. Be2 e6 11. 0-0 h5 12. h3 Bf5 13. Nxf5 exf5 14. a3 Be7 15. h4 f6 16. exf6 gxf6 17. Bd2 0-0-0 18. Kf2 Bd6 19. g3 Rde8 20. Nh2 Ne5 21. fxe5 Bxe5 22. Rg1 Rhg8 23. Nf1 f4 24. g4 Nxc4 25. dxc4 d3 26. Bxd3 1/2-1/2

[Event "Paignton op"]
[Site "Paignton"]
[Date "2007.09.08"]
[Round "7"]
[White "Hurwitz, Ed"]
[Black "Ozanne, Mark S"]
[Result "0-1"]
[WhiteElo "2100"]
[BlackElo "2050"]
[PlyCount "35"]
[EventDate "2007.09.02"]
[EventType "swiss"]
[EventRounds "7"]
[EventCountry "ENG"]
[SourceTitle "EXT 2008"]
[Source "ChessBase"]
[SourceDate "2007.11.25"]
[SourceVersion "1"]
[SourceVersionDate "2007.11.25"]
[SourceQuality "1"]

1. Nc3 d5 2. e4 e6 3. f4 dxe4 4. Nxe4 Nf6 5. Nf2 Bc5 6. Nd3 Bb6 7. Nf3 0-0 8. b3 Nc6 9. Bb2 Nd4 10. c3 Nxf3+ 11. Qxf3 Qd5 12. Ne5 Ne4 13. d4 Bxd4 14. Rd1 Nf2 15. Rxd4 Qxf3 16. Nxf3 Nxh1 17. Be2 f6 18. Bf1 0-1

[Event "Paignton op"]
[Site "Paignton"]
[Date "2007.09.02"]
[Round "1"]
[White "Hurwitz, Ed"]
[Black "Berry, Stephen"]
[Result "0-1"]
[WhiteElo "2100"]
[BlackElo "2353"]
[PlyCount "72"]
[EventDate "2007.09.02"]
[EventType "swiss"]
[EventRounds "7"]
[EventCountry "ENG"]
[SourceTitle "EXT 2008"]
[Source "ChessBase"]
[SourceDate "2007.11.25"]
[SourceVersion "1"]
[SourceVersionDate "2007.11.25"]
[SourceQuality "1"]

1. Nc3 d5 2. e4 dxe4 3. Nxe4 Nd7 4. Bc4 Ndf6 5. Nc3 e6 6. Nf3 Ne7 7. d4 Ng6 8. Qe2 Be7 9. h4 h5 10. Bd2 c6 11. Bd3 Nf8 12. 0-0-0 N8d7 13. Kb1 Nb6 14. Ne4 Nxe4 15. Bxe4 Nd5 16. c4 Nf6 17. Bc2 Bd7 18. Bd3 b5 19. b3 bxc4 20. bxc4 Qc7 21. Ne5 Rb8+ 22. Ka1 Bb4 23. Bxb4 Rxb4 24. Rb1 Rxb1+ 25. Rxb1 0-0 26. Rd1 Rb8 27. Qd2 c5 28. Nxd7 Nxd7 29. Qe2 Nf6 30. Rb1 Rxb1+ 31. Bxb1 Nd7 32. Qd3 Qf4 33. Qh7+ Kf8 34. Qh8+ Ke7 35. Qxg7 Nf6 36. Bg6 Qc1+ 0-1

[Event "Paington op"]
[Site "Paington"]
[Date "2006.09.09"]
[Round "7"]
[White "Marsh, Roger DW"]
[Black "Hurwitz, Ed"]
[Result "1/2-1/2"]
[WhiteElo "2054"]
[BlackElo "1840"]
[PlyCount "94"]
[EventDate "2006.09.03"]
[EventType "swiss"]
[EventRounds "7"]
[EventCountry "ENG"]
[SourceTitle "CBM 114 Extra"]
[Source "ChessBase"]
[SourceDate "2006.11.03"]
[SourceVersion "1"]
[SourceVersionDate "2006.11.03"]
[SourceQuality "1"]

1. d4 d6 2. c4 e5 3. d5 f5 4. Nf3 Nf6 5. Nc3 Be7 6. g3 0-0 7. Bg2 Na6 8. 0-0 Qe8 9. Ne1 Qh5 10. f3 Bd7 11. Nd3 g5 12. Nf2 Qg6 13. e4 f4 14. Bh3 Bxh3 15. Nxh3 g4 16. Nf2 fxg3 17. hxg3 gxf3 18. Qxf3 Nh5 19. Qg4 Nxg3 20. Qxg6+ hxg6 21. Rd1 Bh4 22. Be3 Rf3 23. Ng4 Nh5 24. Ne2 Ng3 25. Nc3 Raf8 26. Bh6 R8f7 27. Rd2 g5 28. Nh2 R3f6 29. Ng4 Rg6 30. Kh2 Rf4 31. Kh3 Nc5 32. Ne2 Nxe2 33. Rxe2 Nxe4 34. Rg1 Nf6 35. Bxg5 Bxg5 36. Nxf6+ Rfxf6 37. Reg2 Rf3+ 38. Kg4 Rf4+ 39. Kh5 Kh7 40. Rxg5 Rxg5+ 41. Kxg5 Rxc4 42. Kf6 Rf4+ 43. Ke6 Rf2 44. Rc1 Kg6 45. Rxc7 Rf6+ 46. Ke7 e4 47. Rc2 Rf3 1/2-1/2

[Event "Paignton op"]
[Site "Paignton"]
[Date "2005.09.10"]
[Round "7"]
[White "Crombleholme, Alan K"]
[Black "Hurwitz, Ed"]
[Result "1/2-1/2"]
[WhiteElo "2117"]
[BlackElo "1800"]
[PlyCount "48"]
[EventDate "2005.09.04"]
[EventType "swiss"]
[EventRounds "7"]
[EventCountry "ENG"]
[SourceTitle "EXT 2007"]
[Source "ChessBase"]
[SourceDate "2006.11.23"]
[SourceVersion "1"]
[SourceVersionDate "2006.11.23"]
[SourceQuality "1"]

1. d4 Nf6 2. Nf3 d6 3. Bf4 g6 4. e3 Bg7 5. h3 0-0 6. Be2 c5 7. c3 cxd4 8. exd4 Qb6 9. Qb3 Qc7 10. 0-0 Nc6 11. Rd1 Be6 12. Qc2 Bf5 13. Qc1 Rac8 14. Na3 a6 15. Nc4 Nd5 16. Bh6 b5 17. Bxg7 Kxg7 18. Ne3 Nxe3 19. Qxe3 d5 20. Ne5 Na5 21. Bf3 f6 22. Nd3 Nc4 23. Qe2 Qd6 24. Nb4 Be4 1/2-1/2

[Event "Paignton op"]
[Site "Paignton"]
[Date "2005.09.08"]
[Round "5"]
[White "Menadue, Jeremy FS"]
[Black "Hurwitz, Ed"]
[Result "1-0"]
[WhiteElo "2190"]
[BlackElo "1800"]
[PlyCount "43"]
[EventDate "2005.09.04"]
[EventType "swiss"]
[EventRounds "7"]
[EventCountry "ENG"]
[SourceTitle "EXT 2007"]
[Source "ChessBase"]
[SourceDate "2006.11.23"]
[SourceVersion "1"]
[SourceVersionDate "2006.11.23"]
[SourceQuality "1"]

1. d4 d6 2. c4 e5 3. d5 f5 4. Nc3 Nf6 5. g3 g6 6. Bg2 Bg7 7. Rb1 0-0 8. b4 a5 9. a3 Bd7 10. Nf3 axb4 11. axb4 Qe8 12. 0-0 h6 13. c5 Na6 14. cxd6 cxd6 15. Qb3 Nc7 16. b5 Qf7 17. b6 Na6 18. Be3 Ne8 19. Nb5 Nc5 20. Bxc5 dxc5 21. Rfd1 e4 22. Nfd4 1-0

[Event "Paignton op"]
[Site "Paignton"]
[Date "2005.09.07"]
[Round "4"]
[White "Hurwitz, Ed"]
[Black "Adams, David M"]
[Result "0-1"]
[WhiteElo "1800"]
[BlackElo "2235"]
[PlyCount "68"]
[EventDate "2005.09.04"]
[EventType "swiss"]
[EventRounds "7"]
[EventCountry "ENG"]
[SourceTitle "EXT 2007"]
[Source "ChessBase"]
[SourceDate "2006.11.23"]
[SourceVersion "1"]
[SourceVersionDate "2006.11.23"]
[SourceQuality "1"]

1. Nc3 Nf6 2. d4 c5 3. d5 e5 4. e4 d6 5. f4 exf4 6. Bxf4 Nbd7 7. Nf3 Be7 8. Bc4 0-0 9. 0-0 Ng4 10. a4 Nde5 11. Nxe5 dxe5 12. Bc1 a6 13. h3 Nf6 14. Be3 Ne8 15. Qh5 Qd6 16. Rf2 b6 17. Raf1 Nf6 18. Qe2 Ra7 19. Bg5 Kh8 20. a5 b5 21. Bxf6 gxf6 22. Bxb5 axb5 23. Nxb5 Ba6 24. Nxd6 Bxe2 25. Rxe2 Bxd6 26. Rxf6 Rd8 27. Rf3 Rdd7 28. Ra3 Bc7 29. a6 Rd6 30. Rf2 Kg7 31. Raf3 Bd8 32. Rf5 Rdxa6 33. Rxe5 Bf6 34. Ref5 Bd4 0-1

[Event "Paignton op"]
[Site "Paignton"]
[Date "2005.09.06"]
[Round "3"]
[White "Britton, Richard"]
[Black "Hurwitz, Ed"]
[Result "1/2-1/2"]
[WhiteElo "2288"]
[BlackElo "1800"]
[PlyCount "37"]
[EventDate "2005.09.04"]
[EventType "swiss"]
[EventRounds "7"]
[EventCountry "ENG"]
[SourceTitle "EXT 2007"]
[Source "ChessBase"]
[SourceDate "2006.11.23"]
[SourceVersion "1"]
[SourceVersionDate "2006.11.23"]
[SourceQuality "1"]

1. e4 g6 2. d4 Bg7 3. Nc3 d6 4. Nf3 a6 5. a4 b6 6. Bd3 Nd7 7. 0-0 Bb7 8. Re1 e6 9. Bg5 Ne7 10. Qd2 h6 11. Be3 g5 12. h3 Ng6 13. Nh2 c5 14. d5 Bxc3 15. bxc3 e5 16. c4 a5 17. Be2 Nf6 18. c3 Bc8 19. Bf1 1/2-1/2